Catálogo
 En Linea

El Cid y Don Quijote : (Registro nro. 4520)

Detalles MARC
000 -CABECERA
campo de control de longitud fija 00811cam a2200193 a 4500
001 - NÚMERO DE CONTROL
campo de control 000004714
005 - FECHA Y HORA DE LA ÚLTIMA TRANSACCIÓN
campo de control 20200929151505.0
008 - DATOS DE LONGITUD FIJA--INFORMACIÓN GENERAL
campo de control de longitud fija 811202s1970 sp a 000 0 spa
040 ## - FUENTE DE LA CATALOGACIÓN
Centro catalogador/agencia de origen DO-SdBNP
Lengua de catalogación spa
Centro/agencia transcriptor BNPHU
082 ## - NÚMERO DE LA CLASIFICACIÓN DECIMAL DEWEY
Número de clasificación 863.3
Número de documento/Ítem T697c
100 1# - ENTRADA PRINCIPAL--NOMBRE DE PERSONA
Nombre de persona Torroba Bernaldo de Quirós, Felipe.
9 (RLIN) 13727
245 13 - MENCIÓN DE TÍTULO
Título El Cid y Don Quijote :
Resto del título la España de los caminos históricos y literarios /
Mención de responsabilidad, etc. Felipe Torroba Bernaldo de Quirós.
260 ## - PUBLICACIÓN, DISTRIBUCIÓN, ETC.
Lugar de publicación, distribución, etc. Madrid :
Nombre del editor, distribuidor, etc. Sucs, de Rivadeneyra,
Fecha de publicación, distribución, etc. 1970.
300 ## - DESCRIPCIÓN FÍSICA
Extensión 477 p. :
Otras características físicas il. ;
Dimensiones 21 cm.
600 10 - PUNTO DE ACCESO ADICIONAL DE MATERIA--NOMBRE DE PERSONA
Nombre de persona CERVANTES SAAVEDRA, MIGUEL DE,
Fechas asociadas al nombre 1547-1616
Subdivisión general CRÍTICA E INTERPRETACIÓN
9 (RLIN) 13728
600 10 - PUNTO DE ACCESO ADICIONAL DE MATERIA--NOMBRE DE PERSONA
Nombre de persona CID,
Fechas asociadas al nombre CA. 1043-1099
Subdivisión general CRÍTICA E INTERPRETACIÓN
9 (RLIN) 13729
650 #4 - PUNTO DE ACCESO ADICIONAL DE MATERIA--TÉRMINO DE MATERIA
Término de materia o nombre geográfico como elemento de entrada El quijote de la mancha
Subdivisión general Crítica e interpretación
9 (RLIN) 13730
650 #4 - PUNTO DE ACCESO ADICIONAL DE MATERIA--TÉRMINO DE MATERIA
Término de materia o nombre geográfico como elemento de entrada Literatura española
Subdivisión general Historia y crítica
9 (RLIN) 3904
Existencias
Estado de retiro Estado de pérdida Restricciones de uso No para préstamo Código de colección Localización permanente Ubicación/localización actual Ubicación en estantería Fecha de adquisición Número de inventario Total de préstamos Signatura topográfica completa Código de barras Fecha visto por última vez Precio válido a partir de Tipo de ítem Koha Número de copia
      Excluido de préstamo Monografías: Libros y Folletos General General Depósito 24.07.2009 LF1   863.3 T697c 4714-10 25.06.2020 25.06.2020 No se presta  
  Extraviado   Excluido de préstamo Monografías: Libros y Folletos General General Extraviado 26.05.2017 LF1   863.3 T697c 4714-20 25.06.2020 25.06.2020 No se presta e. 2

Con tecnología Koha